00509nam a2200205 a 4500001001300000003000900013005001700022008004100039020001000080082001900090100002100109245001900130260003600149300000900185500003500194650001600229650001900245650001800264700002100282nice12345678IN_TiNIC20260116011927.0070622s1997 hyda grp 000 0 urd  ac10000a891.4391bAHM4 aAhmed, Hasnuddin aSaaz-E-mashriq aHyderabad bVila Academy c1997 a195p aincludes index and biblioraphy aUrdu-Poetry aPersian Poetry aArabic-Poetry1 aAhmed, Hasnuddin